000 01101nam0a22002891 4500
001 rc\4048351
005 20260407084713.0
021 _aRU
_b[51-9470]
035 _a(NLR Aleph) 008104213
090 _a9263064
_c9263064
100 _a20130415d1956 |||y0rusy50 ca
101 0 _arus
102 _aRU
105 _ay z |||||
200 1 _aИнструкция 96-50 для проверки флюксметров (веберметров)
_fСССР. Ком. стандартов, мер и...
205 _aОфиц. изд.
210 _aМосква
_cБ. и.
_d1956
215 _a8 с.
_d22
300 _aНа обороте тит. л. сост.: инж. Н.Г. Вострокнутов
606 _aФлюксметры
_xПоверка
_2psbo
702 1 _aВострокнутов
_bН.Г.
_gНиколай Георгиевич
_4220
712 0 1 _aСССР
_bКомитет по делам мер и измерительных приборов
_9297983
_3RU\NLR\AUTH\8812586
801 0 _aRU
_bNLR
_gpsbo
801 1 _aRU
_bELAR
_2rusmarc
852 _aNLR
_jПт 40/9
942 _cBOOK
980 _aNB